|
|
|
|
| LEADER |
01036nam a22002772a 4500 |
| 001 |
000214331 |
| 003 |
CZ BrMZK |
| 005 |
20100818090050.0 |
| 007 |
ta |
| 008 |
970107s1983 xr f cze d |
| 015 |
|
|
|a cnb000005530
|
| 035 |
|
|
|a (OCoLC)85550315
|
| 040 |
|
|
|a BOA001
|b cze
|
| 100 |
1 |
|
|a Válek, Miroslav,
|d 1927-1991
|7 jn19990209975
|
| 245 |
1 |
0 |
|a Opakování ohně /
|c Miroslav Válek
|
| 250 |
|
|
|a 1. vyd. v tomto souboru
|
| 260 |
|
|
|a Praha :
|b Československý spisovatel,
|c 1983
|
| 300 |
|
|
|a 120 s.
|
| 490 |
1 |
|
|a Slovenská knihovna
|
| 830 |
|
0 |
|a Slovenská knihovna (Československý spisovatel)
|0 s
|
| 856 |
4 |
1 |
|u http://www.digitalniknihovna.cz/mzk/uuid/uuid:9f937590-bd2f-11e2-8b87-005056827e51
|y Digitalizovaný dokument
|x NDK
|
| 910 |
|
|
|a BOA001
|b PK-0096.257
|b 2-0867.206
|
| 920 |
|
|
|a 000328206
|
| 990 |
|
|
|a BK
|
| 996 |
7 |
|
|b 2619831621
|c 2-0867.206
|l MZK
|r Sklad / do 1 hodiny
|n 1
|w 000214331
|u 000020
|a 1
|e BOA001
|j MZK50
|s A
|
| 996 |
7 |
|
|b 3119905966
|c PK-0096.257
|l MZK
|r Sklad / do 1 hodiny
|n 0
|w 000214331
|u 000010
|a 1
|e BOA001
|j MZK50
|s A
|